[Event "Rottach Egern Seniors Cup 12th"]
[Site "Rottach Egern"]
[Date "2024.04.09"]
[Round "4"]
[White "Bausch, Jean"]
[Black "Doetzel, Hartwig"]
[Result "1/2-1/2"]
[WhiteElo "1782"]
[BlackElo "1881"]
[PlyCount "58"]
[EventDate "2024.04.06"]
[EventType "swiss"]
[EventRounds "9"]
[EventCountry "GER"]
[SourceTitle "CB16_2024"]
[SourceDate "2024.04.17"]
[SourceVersion "1"]
[SourceVersionDate "2024.04.17"]
[SourceQuality "1"]

1. c4 e6 2. Nc3 d5 3. e3 Nf6 4. Nf3 c6 5. b3 Nbd7 6. Bb2 Bd6 7. d4 0-0 8. Qc2 Qe7 9. Bd3 b6 10. 0-0 Bb7 11. a3 Rac8 12. Qe2 Rfe8 13. cxd5 exd5 14. Rfe1 Ne4 15. a4 a5 16. Nd2 Ndf6 17. h3 Bb4 18. Rac1 Nxd2 19. Qxd2 Ne4 20. Qc2 Qh4 21. Re2 Bxc3 22. Bxc3 Nxc3 23. Qxc3 c5 24. dxc5 Rxc5 25. Qe1 Rec8 26. Rec2 Qe7 27. Qe2 g6 28. Rxc5 Rxc5 29. Rxc5 Qxc5 1/2-1/2

[Event "Rottach Egern Seniors Cup 12th"]
[Site "Rottach Egern"]
[Date "2024.04.06"]
[Round "1"]
[White "Doetzel, Hartwig"]
[Black "Polster, Wolfgang"]
[Result "1/2-1/2"]
[WhiteElo "1881"]
[BlackElo "2159"]
[PlyCount "119"]
[EventDate "2024.04.06"]
[EventType "swiss"]
[EventRounds "9"]
[EventCountry "GER"]
[SourceTitle "CB16_2024"]
[SourceDate "2024.04.17"]
[SourceVersion "1"]
[SourceVersionDate "2024.04.17"]
[SourceQuality "1"]

1. e4 c6 2. d4 d5 3. Nc3 dxe4 4. Nxe4 Nf6 5. Nxf6+ exf6 6. Nf3 Bg4 7. Be2 Bd6 8. h3 Be6 9. c4 0-0 10. 0-0 Re8 11. Re1 Na6 12. a3 Nc7 13. Be3 Qd7 14. Bf1 a5 15. Qd2 b5 16. cxb5 cxb5 17. Bf4 b4 18. Bxd6 Qxd6 19. axb4 axb4 20. Rxa8 Rxa8 21. Rc1 Bd5 22. Be2 Ne6 23. Nh2 g6 24. Bf3 Bxf3 25. Nxf3 Kg7 26. Rd1 Nf4 27. h4 Ra5 28. g3 Ne6 29. Qe3 Qd5 30. Qd3 h5 31. Qe3 Ra2 32. Qe2 Nc7 33. Kh2 Nb5 34. Rd2 Nd6 35. Rc2 Qe4 36. Qxe4 Nxe4 37. Kg2 b3 38. Re2 Nd6 39. Ne1 Nf5 40. Rd2 Ra1 41. Nf3 Ra2 42. Ne1 Kf8 43. Nd3 Ra4 44. Nc5 Rb4 45. d5 Ke7 46. f3 Nd4 47. Ne4 f5 48. Nc3 Kd6 49. Kf2 Nc2 50. Ke2 Rc4 51. Nb5+ Kd7 52. Nc3 Rxc3 53. bxc3 b2 54. Rd1 Na3 55. Kd3 b1Q+ 56. Rxb1 Nxb1 57. c4 Na3 58. Kc3 Kd6 59. Kb3 Nb1 60. Kc2 1/2-1/2

[Event "Rottach Egern Seniors Cup 11th"]
[Site "Rottach Egern"]
[Date "2023.04.18"]
[Round "4"]
[White "Doetzel, Hartwig"]
[Black "Brettschneider, Karl"]
[Result "1-0"]
[WhiteElo "1802"]
[BlackElo "1939"]
[PlyCount "63"]
[EventDate "2023.04.15"]
[EventType "swiss"]
[EventRounds "9"]
[EventCountry "GER"]
[SourceTitle "EXT 2024"]
[Source "ChessBase"]
[SourceDate "2023.10.10"]
[SourceVersion "1"]
[SourceVersionDate "2023.10.10"]
[SourceQuality "1"]

1. e4 c5 2. Nf3 Nc6 3. d4 cxd4 4. Nxd4 d6 5. Nc3 a6 6. Be2 e6 7. 0-0 Be7 8. Be3 Nf6 9. Kh1 0-0 10. f4 Bd7 11. Nb3 b5 12. a3 Rc8 13. Qd2 Na5 14. Nxa5 Qxa5 15. e5 Ne8 16. Nd5 Bd8 17. Qxa5 Bxa5 18. Ne7+ Kh8 19. Nxc8 Bxc8 20. exd6 Nf6 21. b4 Bd8 22. Bc5 Bd7 23. c4 Ne4 24. cxb5 axb5 25. Bf3 Nd2 26. Rf2 Nc4 27. Rc2 Bf6 28. Raa2 e5 29. a4 exf4 30. a5 Bf5 31. Re2 Rd8 32. a6 1-0

[Event "Rottach Egern Seniors Cup 11th"]
[Site "Rottach Egern"]
[Date "2023.04.17"]
[Round "3"]
[White "Gerlach, Andreas"]
[Black "Doetzel, Hartwig"]
[Result "0-1"]
[WhiteElo "1590"]
[BlackElo "1802"]
[PlyCount "64"]
[EventDate "2023.04.15"]
[EventType "swiss"]
[EventRounds "9"]
[EventCountry "GER"]
[SourceTitle "EXT 2024"]
[Source "ChessBase"]
[SourceDate "2023.10.10"]
[SourceVersion "1"]
[SourceVersionDate "2023.10.10"]
[SourceQuality "1"]

1. Nf3 d5 2. b3 Nf6 3. Bb2 e6 4. c4 c6 5. g3 Nbd7 6. d4 Bb4+ 7. Nbd2 0-0 8. a3 Bd6 9. Bg2 b6 10. cxd5 exd5 11. 0-0 Bb7 12. Ne5 Bxe5 13. dxe5 Ng4 14. Nf3 Re8 15. Qd4 Ngxe5 16. Nh4 c5 17. Qd2 Nf6 18. f4 Ng6 19. Nf5 Qd7 20. Bh3 Qc6 21. Bg2 Qe6 22. Nxg7 Kxg7 23. f5 Qxe2 24. Qxe2 Rxe2 25. fxg6 Rd2 26. Rae1 hxg6 27. Re7 Ba6 28. Bxd5 Bxf1 29. Rxf7+ Kh6 30. Bxa8 Bh3 31. Rxa7 Ng4 32. Be4 Re2 0-1

[Event "Rottach Egern Seniors Cup 11th"]
[Site "Rottach Egern"]
[Date "2023.04.15"]
[Round "1"]
[White "Babar, Michael"]
[Black "Doetzel, Hartwig"]
[Result "1-0"]
[WhiteElo "2110"]
[BlackElo "1802"]
[PlyCount "73"]
[EventDate "2023.04.15"]
[EventType "swiss"]
[EventRounds "9"]
[EventCountry "GER"]
[SourceTitle "EXT 2024"]
[Source "ChessBase"]
[SourceDate "2023.10.10"]
[SourceVersion "1"]
[SourceVersionDate "2023.10.10"]
[SourceQuality "1"]

1. d4 d5 2. Nf3 Nf6 3. c4 e6 4. Qc2 c6 5. Nbd2 Nbd7 6. g3 Bd6 7. Bg2 0-0 8. 0-0 Re8 9. e4 Nxe4 10. Nxe4 dxe4 11. Qxe4 Nf6 12. Qc2 h6 13. Rd1 Bc7 14. b3 Qe7 15. Bb2 Bd7 16. Ne5 Rad8 17. a4 Bc8 18. a5 a6 19. Bc3 Bd6 20. Qe2 c5 21. Rab1 cxd4 22. Bxd4 Bc5 23. Bc3 Rxd1+ 24. Rxd1 Rd8 25. b4 Rxd1+ 26. Qxd1 Bxb4 27. Bxb4 Qxb4 28. Qd8+ Qf8 29. Qc7 Qe8 30. Bxb7 Bxb7 31. Qxb7 Kf8 32. Qxa6 Qb8 33. Qb5 Qd6 34. a6 Qd2 35. Qb8+ Ke7 36. Qc7+ Nd7 37. Qxd7+ 1-0

[Event "MVP-ch Seniors op 19th"]
[Site "Ostseebad Binz"]
[Date "2019.12.01"]
[Round "5"]
[White "Doetzel, Hartwig"]
[Black "Perk, Egbert"]
[Result "1-0"]
[WhiteElo "1865"]
[BlackElo "1745"]
[PlyCount "35"]
[EventDate "2019.11.27"]
[EventType "swiss"]
[EventRounds "9"]
[EventCountry "GER"]
[SourceTitle "EXT 2021"]
[Source "ChessBase"]
[SourceDate "2020.10.23"]
[SourceVersion "1"]
[SourceVersionDate "2020.10.23"]
[SourceQuality "1"]

1. e4 d6 2. d4 Nf6 3. Nc3 Nbd7 4. Be3 e5 5. Nf3 Be7 6. h3 c6 7. Qd2 Qc7 8. dxe5 dxe5 9. a3 0-0 10. Bd3 Nc5 11. 0-0 Rd8 12. Qe2 Nxd3 13. cxd3 Bd6 14. d4 Nxe4 15. Nxe4 exd4 16. Nxd4 Bh2+ 17. Kh1 Bf5 18. Nxf5 1-0

[Event "MVP-ch Seniors op 19th"]
[Site "Ostseebad Binz"]
[Date "2019.11.27"]
[Round "1"]
[White "Doetzel, Hartwig"]
[Black "Geibel, Henning"]
[Result "1/2-1/2"]
[WhiteElo "1865"]
[BlackElo "1433"]
[PlyCount "62"]
[EventDate "2019.11.27"]
[EventType "swiss"]
[EventRounds "9"]
[EventCountry "GER"]
[SourceTitle "EXT 2021"]
[Source "ChessBase"]
[SourceDate "2020.10.23"]
[SourceVersion "1"]
[SourceVersionDate "2020.10.23"]
[SourceQuality "1"]

1. e4 e5 2. Nf3 d6 3. d4 exd4 4. Nxd4 Nf6 5. Nc3 Be7 6. Be2 0-0 7. Be3 c5 8. Nb3 a6 9. 0-0 b5 10. Bf3 Ra7 11. Nd5 Nc6 12. Nxf6+ Bxf6 13. c3 Ne5 14. Be2 Nc4 15. Bxc4 bxc4 16. Nd2 Be6 17. Qe2 Bg5 18. Bxg5 Qxg5 19. Nxc4 d5 20. exd5 Bxd5 21. Ne3 Re7 22. Qg4 Qxg4 23. Nxg4 Re2 24. Ne3 Be4 25. b3 Rd8 26. Rfd1 Rdd2 27. Rxd2 Rxd2 28. Rd1 Rxd1+ 29. Nxd1 Bb1 30. a3 Bc2 31. Ne3 Bxb3 1/2-1/2

[Event "GER-ch Seniors 65 31st"]
[Site "Radebeul"]
[Date "2019.04.29"]
[Round "4"]
[White "Doetzel, Hartwig"]
[Black "Ritter, Fred"]
[Result "1-0"]
[WhiteElo "1877"]
[BlackElo "1706"]
[PlyCount "91"]
[EventDate "2019.04.26"]
[EventType "swiss"]
[EventRounds "9"]
[EventCountry "GER"]
[SourceTitle "CBM 190 Extra"]
[Source "ChessBase"]
[SourceDate "2019.07.15"]
[SourceVersion "1"]
[SourceVersionDate "2019.07.15"]
[SourceQuality "1"]

1. e4 e5 2. Nf3 Nc6 3. Bb5 d6 4. d4 exd4 5. Nxd4 Bd7 6. Nxc6 bxc6 7. Bc4 Be7 8. 0-0 Nf6 9. Nc3 0-0 10. Bb3 a5 11. Re1 Ng4 12. h3 Ne5 13. Be3 Kh8 14. Bd4 Rb8 15. a4 Ng6 16. Be3 Rb4 17. f3 Bh4 18. Rf1 Bg3 19. Ne2 Bh4 20. c3 Rb7 21. Rb1 Qe7 22. Bc2 Ne5 23. b3 c5 24. f4 Nc6 25. Qd5 Nd8 26. Qh5 f5 27. Bf2 Bxf2+ 28. Rxf2 fxe4 29. Ng3 g6 30. Qe2 d5 31. Qe3 Rb6 32. Rbf1 Bf5 33. Ne2 h5 34. Rd1 c6 35. Ng3 Ne6 36. Ne2 Rb7 37. Kh2 Qc7 38. Kh1 Rd8 39. g4 hxg4 40. hxg4 Bxg4 41. Rh2+ Bh5 42. f5 Kg7 43. Rxh5 gxh5 44. fxe6 Kh7 45. Qg5 Kh8 46. Rg1 1-0

[Event "Sachsen-ch Seniors op"]
[Site "Dresden"]
[Date "2016.11.05"]
[Round "6"]
[White "Doetzel, Hartwig"]
[Black "Krien, Hartmut"]
[Result "0-1"]
[WhiteElo "1841"]
[BlackElo "1748"]
[PlyCount "86"]
[EventDate "2016.10.31"]
[EventType "swiss"]
[EventRounds "9"]
[EventCountry "GER"]
[SourceTitle "EXT 2019"]
[Source "ChessBase"]
[SourceDate "2018.10.10"]
[SourceVersion "1"]
[SourceVersionDate "2018.10.10"]
[SourceQuality "1"]

1. e4 c6 2. d4 d5 3. Nc3 dxe4 4. Nxe4 Bf5 5. Ng3 Bg6 6. h4 h6 7. h5 Bh7 8. Nf3 Nf6 9. Bd3 Bxd3 10. Qxd3 e6 11. Bd2 Bd6 12. Ne2 Qb6 13. 0-0-0 a5 14. c4 Qa6 15. Nc3 Nbd7 16. Qe2 Bb4 17. Ne5 0-0 18. Rh3 c5 19. Nxd7 Nxd7 20. Rg3 Kh8 21. Qg4 Rg8 22. d5 Nf6 23. Qe2 exd5 24. cxd5 Bxc3 25. Qxa6 Bxd2+ 26. Rxd2 Rxa6 27. Rb3 Ne4 28. Re2 Nd6 29. Rc3 c4 30. g4 b5 31. f4 Raa8 32. g5 hxg5 33. fxg5 Rge8 34. Rf2 Ne4 35. Rxf7 Nxc3 36. bxc3 Rf8 37. Re7 Rae8 38. Rb7 Re2 39. Kd1 Rb2 40. Ke1 b4 41. g6 bxc3 42. Rf7 Rxf7 43. gxf7 Rb8 0-1

[Event "Sachsen-ch Seniors op"]
[Site "Dresden"]
[Date "2016.11.04"]
[Round "5"]
[White "Keusch, Horst"]
[Black "Doetzel, Hartwig"]
[Result "1-0"]
[WhiteElo "1953"]
[BlackElo "1841"]
[PlyCount "70"]
[EventDate "2016.10.31"]
[EventType "swiss"]
[EventRounds "9"]
[EventCountry "GER"]
[SourceTitle "EXT 2019"]
[Source "ChessBase"]
[SourceDate "2018.10.10"]
[SourceVersion "1"]
[SourceVersionDate "2018.10.10"]
[SourceQuality "1"]

1. f4 d5 2. Nf3 g6 3. e3 Bg7 4. Be2 Nf6 5. 0-0 0-0 6. d3 c5 7. Qe1 Bg4 8. Qh4 Nbd7 9. h3 Bxf3 10. Bxf3 Re8 11. Nc3 Nf8 12. Kh1 e6 13. Bd2 Rb8 14. Qf2 b5 15. Rad1 Qc7 16. e4 d4 17. Ne2 N6d7 18. Ng3 Qb6 19. Rde1 e5 20. f5 Nf6 21. Bd1 a5 22. Bg5 N8d7 23. Qd2 Rbc8 24. Rf2 Rc6 25. Ref1 Re7 26. h4 c4 27. h5 Nf8 28. Kh2 cxd3 29. cxd3 Rec7 30. fxg6 hxg6 31. hxg6 fxg6 32. Bxf6 Rxf6 33. Rxf6 Bxf6 34. Qf2 Rh7+ 35. Kg1 Kg7 1-0

[Event "GER-ch Seniors"]
[Site "Dresden"]
[Date "2012.08.15"]
[Round "7"]
[White "Voelpel, Gerhard"]
[Black "Doetzel, Hartwig"]
[Result "1/2-1/2"]
[WhiteElo "2100"]
[BlackElo "1801"]
[PlyCount "105"]
[EventDate "2012.08.09"]
[EventType "swiss"]
[EventRounds "9"]
[EventCountry "GER"]
[SourceTitle "EXT 2014"]
[Source "ChessBase"]
[SourceDate "2013.11.20"]
[SourceVersion "1"]
[SourceVersionDate "2013.11.20"]
[SourceQuality "1"]

1. e4 e5 2. Nf3 Nc6 3. d4 exd4 4. Nxd4 Bc5 5. Be3 Qf6 6. c3 Nge7 7. Bc4 Ne5 8. Bb3 Qg6 9. 0-0 d6 10. f3 0-0 11. Qe2 a6 12. Nd2 N5c6 13. Rfd1 Bd7 14. Nf1 Bb6 15. Ng3 Nxd4 16. Bxd4 Bxd4+ 17. Rxd4 h5 18. a4 Nc6 19. Rd2 Rae8 20. Qf2 Re7 21. Ne2 Qf6 22. Qg3 Re5 23. Qf4 Qg6 24. Qe3 Na5 25. Ba2 Be6 26. Rd4 Bxa2 27. Rxa2 Nc6 28. Rd2 Qe6 29. Ra1 Qe7 30. Qd3 g5 31. Ng3 h4 32. Nf5 Qf6 33. c4 Ree8 34. Kf2 Ne7 35. Ne3 Rd8 36. g3 hxg3+ 37. hxg3 Kg7 38. Rh1 Rh8 39. Ng4 Qe6 40. Qd4+ f6 41. Rxh8 Rxh8 42. Kg2 Nc6 43. Qd5 Qxd5 44. cxd5 Ne5 45. Nxe5 fxe5 46. Rc2 Rc8 47. Kh3 c5 48. Kg4 Kg6 49. Rh2 b5 50. axb5 axb5 51. f4 gxf4 52. gxf4 exf4 53. Kxf4 1/2-1/2